00568 2200229 4500001002100000005001700021008004100038020001800079035002400097082000800121090001800129100001900147245004200166250001100208260003100219300002100250650001900271850001200290980001500302985000600317999001500323YOGYA-0209000006942620090227093225.0 ind  a979-413-187-3 0010-020900000069426 a420 a420bAle PlT aALEXANDER, L.G aPractice and progresscL.G. Alexander aCet. 7 aYogyakartabKanisiusc1991 ax, 53 hlmc21 cm aBahasa Inggris aYOPDYOG a27-03-2008 a1 a93B0019438